000 00366nam a2200169Ia 4500
100 _aJones/Michael
650 _aaccounting
942 _cBK
366 _f17.5
654 _aaccounting
245 _aAccounting for Non specialists
260 _bWiley India
_aNew Delhi
_c2002
082 _a657.48/JON
_bJON
300 _a596
546 _aENGLISH
999 _c31899
_d31899